| 000 | 02523nmm a2200289 a 4500 | ||
|---|---|---|---|
| 003 | CO-CtgCURN | ||
| 005 | 20250719152513.0 | ||
| 007 | co cga0aauuu | ||
| 008 | 190716s2017 xx f 000 0 spa d | ||
| 040 |
_aCO-CtgCURN _bspa _ccoctgcurn |
||
| 082 |
_aDER 2017 _bP649p |
||
| 100 |
_aPineda Soto, Christian Eduardo _eautor _93902 |
||
| 245 | 0 |
_aLa percepción de justicia y la eficacia de la ley 1774 del 2016 : _blas relaciones de trato de los humanos con los animales en el Distrito de Barranquilla / _h[electronic resource] / _cChristian Eduardo Pineda Soto; asesor., Juan Carlos Berrocal Durán |
|
| 260 |
_aBarranquilla, Atlántico : _bCorporación Universitaria Rafael Núñez, _c2017 |
||
| 300 |
_a1 recurso en línea (60 páginas (PDF)) : _btablas |
||
| 502 | _aTrabajo de Grado (Abogado). Corporación Universitaria Rafael Núñez. Facultad de Ciencias Sociales y Humanas. Programa de Derecho, 2017 | ||
| 504 | _aIncluye referencias bibliográficas | ||
| 520 | _aCon el anuncio de lo dispuesto por norma en Colombia sobre la implementación de Albergues para cuidar animales en las ciudades principales del país, se iniciaba lo que al principio se denominó una iniciativa de acercamiento hacia el buen trato con los animales, las especies que la ley denomino "seres sintientes" y los colocó lejos de los objetos que en el pasado era contemplado por la legislación. Barranquilla, Distrito Especial, Industrial y Portuario la disposición fue tomada como una oportunidad para expresar por parte de quienes tenían bajo su protección animales, en calidad de mascotas y les suministraban atención y cuidado, mientras que otros, sobre todo, quienes usufructúan y se benefician con el trabajo de los animales, una obligación. En este sentido, tanto propietarios de mascotas como dueños de animales utilizados en las labores diarias en la calle, están comprometidos con las actuales disposiciones de brindar un buen trato hacia los animales como "seres sintientes" | ||
| 521 | _aAREA PROFESIONAL | ||
| 590 | _aPrograma de Derecho_18 | ||
| 650 |
_aDerecho _vTesis y disertaciones académicas _93903 |
||
| 700 |
_aSarmiento Ballesteros, Freddy _eautor _93904 |
||
| 700 |
_aBerrocal Durán, Juan Carlos _easesora _93905 |
||
| 856 |
_uhttps://unicurn.sharepoint.com/:b:/s/biblioteca/Efy8eZemBipMmO1KKjK5kPQBu2eqDVp0s8IWYoQ8EaCsGA?e=j8PNX8 _yConsulte aquí el texto completo |
||
| 942 |
_cTG _hDER 2017 _iP649p _2ddc _n0 |
||
| 999 |
_c441 _d441 |
||